Теория ферромагнетизма металлов и сплавов: сборник статей

Dades bibliogràfiques
Altres autors: Вонсовский С. В. Сергей Васильевич (редактор)
Idioma:rus
Publicat: Москва, Изд-во иностранной литературы, 1953
Matèries:
Format: MixedMaterials Llibre
KOHA link:https://koha.lib.tpu.ru/cgi-bin/koha/opac-detail.pl?biblionumber=157339

MARC

LEADER 00000nam0a2200000 4500
001 157339
005 20231101221945.0
035 |a (RuTPU)RU\TPU\book\170658 
090 |a 157339 
100 |a 20090407d1963 m y0rusy50 ca 
101 1 |a rus  |c eng 
102 |a RU 
105 |a a z 001zy 
200 1 |a Теория ферромагнетизма металлов и сплавов  |e сборник статей  |f под ред. С. В. Вонсовского 
210 |a Москва  |c Изд-во иностранной литературы  |d 1953 
215 |a 536 с.  |c ил. 
320 |a Библиография в конце статей 
606 1 |a Ферромагнетизм  |2 stltpush  |3 (RuTPU)RU\TPU\subj\63616  |9 80604 
610 1 |a теория 
610 1 |a ферромагнетизм 
610 1 |a металлы 
610 1 |a сплавы 
610 1 |a сборники 
675 |a 537.622.4  |v 3 
702 1 |a Вонсовский  |b С. В.  |c физик-теоретик  |c академик РАН, Герой Социалистического Труда  |f 1910-1998  |g Сергей Васильевич  |2 stltpush  |3 (RuTPU)RU\TPU\pers\7861  |4 340  |9 1526 
801 1 |a RU  |b 63413507  |c 20090407  |g PSBO 
801 2 |a RU  |b 63413507  |c 20180213  |g PSBO 
942 |c BK